000 00633nam a2200229Ia 4500
003 OSt
005 20220925222754.0
006 a|||||r|||| 00| 0
007 ta
008 220923b |||||||| |||| 00| 0 eng d
037 _cGeneral Book
040 _aRTL
_cRTL
_beng
041 _2eng
_aeng
082 _aY, M9
100 _aGiddens Anthony
_920429
245 0 _aSociology.
260 _aLondon
_bPolity Press
_c1989
300 _axxiv,815p
_ccm.
500 _aBibliography : P 755-795; Appendix : P 721-723; Glossary : P 724-753
942 _hY, M9
_cGB
_2CC
999 _c577742
_d577742